| 000 | 00962cam a2200253 i 4500 | ||
|---|---|---|---|
| 005 | 20160123113150.0 | ||
| 008 | 010510s2000 ck a b 000 0 spa | ||
| 020 | _a9589205372 | ||
| 040 |
_aDLC _cDLC _dDLC _dCO-BoIAVH |
||
| 041 | 0 | _aspa | |
| 042 | _apcc | ||
| 043 | _as-ck--- | ||
| 082 | 0 | 4 |
_a363.738742 _bR69o |
| 100 | 1 | _aRodríguez, Humberto | |
| 245 | 1 | 0 |
_aOpciones para la reducción de emisiones de gases de efecto invernadero en Colombia / _cHumberto Rodríguez, Fabio González. |
| 260 |
_aBogotá : _bAcademia Colombiana deciencias exactas, fíisica y naturales, _c2000. |
||
| 300 |
_a260 páginas : _bill. ; _c23 cm. |
||
| 650 | 1 | 4 |
_aEfecto invernadero _xAspectos ambientales _zColombia. |
| 650 | 2 | 4 |
_aGases de invernadero _zColombia. |
| 650 | 2 | 4 |
_aControl de calidad del aire _zColombia. |
| 650 | 2 | 4 |
_aProtección del medio ambiente _zColombia. |
| 700 | 1 |
_aGonzález, Fabio, _eautor. |
|
| 942 |
_2ddc _cLIBRO |
||
| 999 |
_c1821 _d1821 |
||